| 000 | 00381 a2200109 4500 | ||
|---|---|---|---|
| 020 | _a0784406189 | ||
| 082 | _a624.176 ASC | ||
| 245 |
_aDesign loads on structures during construction / _cAmerican Society of Civil Engineers. |
||
| 260 |
_aReston, Va. : _bAmerican Society of Civil Engineers, _c2002. |
||
| 300 |
_ax, 36 p. ; _c28 cm. |
||
| 650 |
_aBuildings _xStandards. |
||
| 650 |
_aStrains and stresses _xStandards. |
||
| 999 |
_c1270 _d1270 |
||